000 01213nam a22003497a 4500
003 CHAP
005 20230527062635.0
008 971013s1981 mx a r 00010 spa d
010 _a15859
011 _a16831
035 _a20913
040 _cCHAP
090 _aFolleto 7345
100 1 0 _aBerlijn, Johan D.
_911826
245 1 _aCultivos forrajeros
260 _aMéxico, D. F. :
_bTrillas,
_c1981
300 _a80 p.
_b: ilus.
490 _aManuales para la educación agropecuaria. Producción vegetal
590 _aBATCH-UPD
_b10
_c20130110
590 _aBATCH-UPD
_b10
_c20130410
590 _aBATCH-UPD
_b10
_c20130914
590 _aCONVERSION
_b10
_c20130109
650 1 4 _aPlantas forrajeras.
_988943
830 0 _aManuales para educación agropecuaria. Producción vegetal (Trillas)
_970695
901 _aBK
942 _cFOLL
_2local
949 _aFolleto 7345
_bBC
_cFOLL
_d-48835
_eTS1
_i20913
_si
_t74.00
949 _aFolleto 7345
_bBC
_cFOLL
_d-48837
_eTS2
_fc.2
_i20913
_si
_t74.00
949 _aFolleto 7345
_bBC
_cFOLL
_d-48838
_eTS2
_fc.3
_i20913
_si
_t74.00
949 _aFolleto 7345
_bBC
_cFOLL
_d-48840
_eTS2
_fc.4
_i20913
_si
_t74.00
949 _aFolleto 7345
_bBC
_cFOLL
_d-48841
_eBPP
_fc.5
_i20913
_si
_t74.00
999 _c15859
_d15859